000 01218nam a22002897a 4500
001 BR8101649
003 BR-BrBNA
005 20230928090931.0
007 ta
008 230509b bl.||||| |||| 00| 0 por d
040 _aBR-BrBNA
_bpor
_cBiblioteca Nacional de Agricultura
041 _a(Por)
072 _aD50; P00
_b0316
_b/G514
090 _ 0316 BR8101649
100 1 _aSouza, F.G. de
110 1 _aSuperintendencia de Desenvolvimento Agropecuario, Brasilia, DF (Brasil). Coordenacao de Estudos e Planejamento
_910039
245 1 _aO babacu sobre a otica parlamentar. Transcricao e rusumo das contratacoes nos ultimos vinte anos na Camara dos Deputados (Congresso Nacional). 1961/1980 [Conservacao; Legislacao; Recurso natural; Brasil]
246 1 _a[Babassu plant as it is seen by politicians. Transcription and summary of conclusions in the last twenty years in the Chamber of Deputies (National Congress). 1961/1980 [Conservation; Legislation; Natural resource; Brazil]]
260 3 _aBrasilia, DF (Brasil):
_c1980.
300 _a172 p.
650 _aLegislacao
650 _aRecurso natural
650 _aBabacu
650 _aConservacao
909 _a202309
_bLucia
_c55
_dLucia Elande
942 _cBK
999 _c31337
_d31337